00625nam a22002057a 450000500170000001000150001702000260003203500140005803700090007208200150008110000220009624500940011825000060021226000440021827000760026230000200033870000280035870000230038676000100040920250731123106.0 aENG-146253 c350.00a9789392151439 aEN-129785 bDBAD a004.67821 aShummugalatha, A. aInternet of Things (IOT) in Medicine/cA. Shummugalatha; V. Umayal Muthu [and] S. Chellam a1 aTamil NadubFirst Book Publishingc2025 bTamil Nadua61, 66 T. P. K. Main Road, Vasantha Nagar, Madurai,e625003 a153p.c22cm(pb) aV. Umayal MuthueAuthor aS. ChellameAuthor bFirst